01371nam a2200277 a 450000100100000000500170001000800410002704000130006808200190008110000370010024500520013726000360018930000210022549000270024650000210027350000570029465000530035183000340040404900090043895201310044795201310057895201310070995201160084095201220095699900150107800000871320200929161408.0090918s1996 dr 001 0 spa d aDO-SdBNP aRD860.9bM386l1 aMartínez, Rufinod1893-92320110aDe las letras dominicanas /cRufino Martínez. aSanto Domingo :bTaller,c1996. a202 p. ;c23 cm.1 aBiblioteca Tallerv308 aIncluye índice aIncluye datos biográficos y cronología del autor 4aLiteratura dominicanaxHistoria y crítica9159 0aBiblioteca Tallern308923202 aBNPD 001054708DSaGRbGRcCTd2009-09-18iLF1l0oRD860.9 M386lp8713-30r2020-06-25te. 3w2020-06-25yLFDSZPréstamo en sala 001054708DSaGRbGRcCTd2010-10-06iLF1l0oRD860.9 M386lp8713-40r2020-06-25te. 4w2020-06-25yLFDSZPréstamo en sala 001054708DSaGRbGRcCTd2010-10-06iLF1l0oRD860.9 M386lp8713-50r2020-06-25te. 5w2020-06-25yLFDSZPréstamo en sala 0010718PDaPDbPDcCTd2009-09-18iLF1l0oRD860.9 M386lp8713-10r2020-06-25w2020-06-25yLFPDZNo se presta 0010718PDaPDbPDcCTd2009-09-18iLF1l0oRD860.9 M386lp8713-20r2020-06-25te. 2w2020-06-25yLFPDZNo se presta c8483d8483